Arbeitsrecht im Wandel der Zeit
Eine Buchbesprechung von Prof. Dr. Dr. h. c. Wolfgang Hromadka zu "Chronik des deutschen Arbeitsrechts" von Reinhard Richardi, München 2019.
| Main Author: | |
|---|---|
| Format: | Print Article |
| Language: | German |
| Check availability: | HBZ Gateway |
| Interlibrary Loan: | Interlibrary Loan for the Fachinformationsdienste (Specialized Information Services in Germany) |
| Published: |
2019
|
| In: |
Neue Zeitschrift für Arbeitsrecht
Year: 2019, Volume: 36, Issue: 21, Pages: 1483 |
| RelBib Classification: | KBB German language area KDD Protestant Church SA Church law; state-church law XA Law |
| Further subjects: | B
Labor law
B Church labor law |
MARC
| LEADER | 00000caa a22000002c 4500 | ||
|---|---|---|---|
| 001 | 1788359569 | ||
| 003 | DE-627 | ||
| 005 | 20220209170751.0 | ||
| 007 | tu | ||
| 008 | 220202s2019 xx ||||| 00| ||ger c | ||
| 035 | |a (DE-627)1788359569 | ||
| 035 | |a (DE-599)KXP1788359569 | ||
| 040 | |a DE-627 |b ger |c DE-627 |e rda | ||
| 041 | |a ger | ||
| 084 | |a 1 |2 ssgn | ||
| 100 | 1 | |e VerfasserIn |0 (DE-588)115388052 |0 (DE-627)077215648 |0 (DE-576)161500625 |4 aut |a Hromadka, Wolfgang |d 1937- | |
| 109 | |a Hromadka, Wolfgang 1937- | ||
| 245 | 1 | 0 | |a Arbeitsrecht im Wandel der Zeit |
| 264 | 1 | |c 2019 | |
| 336 | |a Text |b txt |2 rdacontent | ||
| 337 | |a ohne Hilfsmittel zu benutzen |b n |2 rdamedia | ||
| 338 | |a Band |b nc |2 rdacarrier | ||
| 520 | |a Eine Buchbesprechung von Prof. Dr. Dr. h. c. Wolfgang Hromadka zu "Chronik des deutschen Arbeitsrechts" von Reinhard Richardi, München 2019. | ||
| 601 | |a Arbeitsrecht | ||
| 650 | 0 | 7 | |0 (DE-588)4224144-3 |0 (DE-627)104988916 |0 (DE-576)210295597 |a Kirchliches Arbeitsrecht |2 gnd |
| 650 | 0 | 7 | |0 (DE-588)4002769-7 |0 (DE-627)106392085 |0 (DE-576)208848622 |a Arbeitsrecht |2 gnd |
| 652 | |a KBB:KDD:SA:XA | ||
| 773 | 0 | 8 | |i Enthalten in |t Neue Zeitschrift für Arbeitsrecht |d München : Beck, 1993 |g 36(2019), 21, Seite 1483 |w (DE-627)131172166 |w (DE-600)1139346-4 |w (DE-576)03303298X |x 0943-7525 |7 nnas |
| 773 | 1 | 8 | |g volume:36 |g year:2019 |g number:21 |g pages:1483 |
| 935 | |a DAKR | ||
| 951 | |a AR | ||
| CAN | |a 1 | ||
| ELC | |b 1 | ||
| LOK | |0 000 xxxxxcx a22 zn 4500 | ||
| LOK | |0 001 4050124548 | ||
| LOK | |0 003 DE-627 | ||
| LOK | |0 004 1788359569 | ||
| LOK | |0 005 20220202153612 | ||
| LOK | |0 008 220202||||||||||||||||ger||||||| | ||
| LOK | |0 040 |a DE-Tue135-3 |c DE-627 |d DE-Tue135-3 | ||
| LOK | |0 092 |o n | ||
| LOK | |0 852 |a DE-Tue135-3 | ||
| LOK | |0 852 1 |9 00 | ||
| LOK | |0 935 |a mszk | ||
| LOK | |0 936ln |0 1442044721 |a KBB | ||
| LOK | |0 936ln |0 1442050047 |a KDD | ||
| LOK | |0 936ln |0 1442053283 |a SA | ||
| LOK | |0 936ln |0 1442053798 |a XA | ||
| LOK | |0 939 |a 02-02-22 |b l01 | ||
| ORI | |a SA-MARC-ixtheoa001.raw | ||
| REL | |a 1 | ||
| STA | 0 | 0 | |a Church labor law,Labor law, Church,Labour legislation,Labor law,Labour law |
| STB | 0 | 0 | |a Droit du travail,Droit ecclésiastique du travail |
| STC | 0 | 0 | |a Derecho laboral,Derecho laboral eclesiástico |
| STD | 0 | 0 | |a Diritto del lavoro,Diritto ecclesiastico del lavoro,Diritto del lavoro e Chiese,Diritto del lavoro e Chiese |
| STE | 0 | 0 | |a 劳工法,劳动法,教会劳工法 |
| STF | 0 | 0 | |a 勞工法,勞動法,教會勞工法 |
| STG | 0 | 0 | |a Direito Trabalhista,Direito trabalhista eclesiástico |
| STH | 0 | 0 | |a Трудовое право,Церковное рабочее право |
| STI | 0 | 0 | |a Εκκλησιαστικό εργατικό δίκαιο,Εργατικό Δίκαιο,Εργασιακό Δίκαιο |
| SUB | |a CAN |a REL | ||
| SYE | 0 | 0 | |a Kirche , Labour law,Collective bargaining legislation,Collective labour law,Employment law,Kollektives Arbeitsrecht,Labor law |



